| 000 | 00875nam a22002657a 4500 | ||
|---|---|---|---|
| 003 | OSt | ||
| 005 | 20140310181736.0 | ||
| 008 | 130320t xxu||||| |||| 00| 0 eng d | ||
| 020 | _a9781425808266 | ||
| 050 |
_aG 70.212 _b.H758 2012 |
||
| 082 |
_aTR 371.3 _2H758 2012 |
||
| 100 |
_aHolt, JoBea _9686 |
||
| 245 |
_aUsing Google Earth : _bbring the world into your classroom / _cJoBea Holt, Ph.D. |
||
| 260 |
_aHuntington Beach, California : _bShell Education, _cc2012 |
||
| 300 |
_a256 p. ; _b illustrations, maps ; _c28 cm + 1 CD-ROM (4 3/4 in.) |
||
| 521 | _aFaculty | ||
| 541 |
_j1 _ivol.1 |
||
| 541 |
_j1 _ivol.2 |
||
| 541 |
_j1 _ivol.3 |
||
| 562 | _e1 | ||
| 650 |
_aGoogle Earth _9687 |
||
| 650 |
_aGeography _xStudy and teaching (Elementary) _xComputer programs _9688 |
||
| 650 |
_aGeographic information systems _9689 |
||
| 942 |
_2lcc _cBK-TR _kTR |
||
| 999 |
_c2568 _d2568 |
||